00905nam a22002657a 45000010005000000030006000050050017000110080041000280200017000690400029000860500013001151000026001282450070001542600047002243000048002715050008003195200060003275210029003875210020004166500024004367000032004609420015004929990015005079520117005224490FISKH20240912094809.0240912b cb ||||| |||| 00| 0 eng d a070918004957 aFISKHbengcFISKHdFISKH aPZ8.B452 aBergen, Laraeauthor  aThe rat pack : bA puppet countdown adventure / cby Lara Bergen  aCanada : bGosset & Dunlap, Inc ;c1997 .  a24 pages : bcolor illustrations ;c21 cm . aG  aThe rat is getting ready for the countdown adventure . 8 a400 bLexile estimate 8 aG bRaz-Plus  acounting vfiction  aBrannon, Tom eillustrator  2ddccBKn0 c4490d4490 00102ddc40708JUVFa001b001cTTPd2024-09-12l0oBER PZ8.B452pFIS05391r2024-09-12 09:48:05w2024-09-12yBK